| 000 | 05957na a2200673 4500 | ||
|---|---|---|---|
| 001 | 14794 | ||
| 003 | MIRAKIL | ||
| 005 | 20181213155055.0 | ||
| 008 | 161107b tu 000 0 | ||
| 035 | _a14794 | ||
| 040 |
_aMilas _btur _cTR-AnCHP |
||
| 041 | _atur | ||
| 082 |
_aCHP 324.2372 _bC36p [2012?] |
||
| 090 | _aCHP 324.2372 C36p [201?] | ||
| 110 |
_aCumhuriyet Halk Partisi (CHP) _bBilim Yönetim ve Kültür Platformu (BYKP) |
||
| 245 |
_aPolitika notları _cCHP Bilim Yönetim ve Kültür Platformu |
||
| 260 |
_aAnkara _bCHP _c[2012?] |
||
| 300 |
_a280 s. _brnkl. res. ; tbl. _c30 sm. |
||
| 490 | _aCHP Bilim, Yönetim ve Kültür Platformu yayınları | ||
| 500 | _aCHP: Türkiye'nin birleştirici gücü | ||
| 505 | _a1.Sınır tanımayan otoriterlik: çözüm tam demokrasi ve hukukun üstünlüğü - 2. Diktatörlük-yolsuzluk sarmalında AKP : CHP yolsuzluğa son verecek. - 3. Korku ve güvensizlik toplumu : AKP'nin gözetim ve fişleme stratejileri - 4. AKP'nin yol açtığı büyük toplumsal çöküntü - 5. İşçi ölümünün "kazası" olmaz. - 6. Katılım payları : AKP'nin acı reçetesi; Parayla değil yurttaşlık hakkıyla sağlık hizmeti. - 7. AKP'nın Orta Doğu politikası: "Ne yurtta ne dünyada barış". - 8. Çalışma hayatından kopartılan, toplumda güçsüzleştirilen kadın: AKP'nin en az üç çocuk politikası. - 9. Ahlak zabıtalığından toplum mühendisliğine: Kadınların özel yaşamına göz diken AKP - 10. Göstermelik paketler ile kadın sorunları çözülemez. - 11. Atatürk Orman Çiftliği: Bir emanetin ve vizyonun tahribatı - 12. TOKİ: AKP'nin rant şebekesi, ahbap-çavuş kapitalizmi - 13. AKP ne emeğin yanında ne emeklinin: CHP ile insan onuruna yakışır emeklilik - 14. AKP'nin dört dörtlük eğitim tuzağı : 4+4+4 yasası - 15. 4+4+4'ün 1 yılı sorunlar yığını - 16. AKP eğitiminin 6'nı üstüne getirdi; AKP'nin yeni oyuncağı 5 yaşındaki çocuklar - 17. Eğitim sistemi tartışmaları, CHP ne öngörüyor:1+8+4 - 18. Hiçbir çocuk arkada bırakılmamalı: Parası ilköğretim ve bir öğün sıcak yemek - 19. Çocukların özgür seçimi mi, AKP'nin siyası dayatması mı? - 20. Bir gün değil her gün hatırlanan, yaşamboyu öğrenen öğretmen - 21. Ne azarlanan ve tasarlanan: Özgül ve yenilikçi gençlik - 22. AKP iktidarında gençler: "Yurtsuz, sessiz, renksiz" . - 23. Birinci yılında gezi hareketi 1-2 - 24. Nefrete karşı bir arada yaşamı savunmak: Eşit yurttaş, özgür insan, kardeşçe yaşam - 25. Sayıştay: vatandaş vergisini veriyor, hükümet de hesabını verecek. - 26. AKP'nin yasakçı ağında internet: Bilgiye erişimi engellenmesi. - 27. Engellilerin sorunlarını onlarla birlikte çözüyorum - 28. AKP'nin kültür karartması. Sanata sansür, sanatçıya baskı - 29. Yurt dışı seçim çevresi: Daha adil bir seçim sistemine doğru - 30. Türkiye Bilimler Akademisi AKP kıskacında: Türkiye'de kurumsal ve bilimsel özerkliğin tahribatı | ||
| 610 |
_aCHP _xAKP iktidarı _yEleştiriler |
||
| 610 |
_aCHP _xSiyasal ve sosyal görüşler _yRaporlar |
||
| 610 |
_aAKP _xSiyaset ve yönetim _yEleştiriler |
||
| 651 |
_aTürkiye _xSiyaset ve yönetim _y2002- |
||
| 657 |
_aAKP/Erdoğan iktidarı _xSiyaset ve yönetim |
||
| 740 | _aSınır tanımayan otoriterlik: çözüm tam demokrasi ve hukukun üstünlüğü | ||
| 740 | _aDiktatörlük-yolsuzluk sarmalında AKP : CHP yolsuzluğa son verecek | ||
| 740 | _aKorku ve güvensizlik toplumu : AKP'nin gözetim ve fişleme stratejileri | ||
| 740 | _aAKP'nin yol açtığı büyük toplumsal çöküntü | ||
| 740 | _aİşçi ölümünün "kazası" olmaz | ||
| 740 | _aKatılım payları : AKP'nin acı reçetesi; Parayla değil yurttaşlık hakkıyla sağlık hizmeti | ||
| 740 | _aAKP'nin Orta Doğu politikası: "Ne yurtta ne dünyada barış" | ||
| 740 | _aÇalışma hayatından kopartılan, toplumda güçsüzleştirilen kadın: AKP'nin en az üç çocuk politikası | ||
| 740 | _aAhlak zabıtalığından toplum mühendisliğine: Kadınların özel yaşamına göz diken AKP | ||
| 740 | _aGöstermelik paketler ile kadın sorunları çözülemez | ||
| 740 | _aAtatürk Orman Çiftliği: Bir emanetin ve vizyonun tahribatı | ||
| 740 | _aTOKİ: AKP'nin rant şebekesi, ahbap-çavuş kapitalizmi | ||
| 740 | _aAKP ne emeğin yanında ne emeklinin: CHP ile insan onuruna yakışır emeklilik | ||
| 740 | _aAKP'nin dört dörtlük eğitim tuzağı : 4+4+4 yasası - 15. 4+4+4'ün 1 yılı sorunlar yığını | ||
| 740 | _aAKP eğitiminin 6'nı üstüne getirdi; AKP'nin yeni oyuncağı 5 yaşındaki çocuklar | ||
| 740 | _aEğitim sistemi tartışmaları, CHP ne öngörüyor:1+8+4 | ||
| 740 | _aHiçbir çocuk arkada bırakılmamalı: Parası ilköğretim ve bir öğün sıcak yemek | ||
| 740 | _aÇocukların özgür seçimi mi, AKP'nin siyası dayatması mı? | ||
| 740 | _aBir gün değil her gün hatırlanan, yaşamboyu öğrenen öğretmen | ||
| 740 | _aNe azarlanan ve tasarlanan: Özgül ve yenilikçi gençlik | ||
| 740 | _aAKP iktidarında gençler: "Yurtsuz, sessiz, renksiz" | ||
| 740 | _aBirinci yılında gezi hareketi 1-2 | ||
| 740 | _aNefrete karşı bir arada yaşamı savunmak: Eşit yurttaş, özgür insan, kardeşçe yaşam | ||
| 740 | _aSayıştay: vatandaş vergisini veriyor, hükümet de hesabını verecek | ||
| 740 | _aAKP'nin yasakçı ağında internet: Bilgiye erişimi engellenmesi | ||
| 740 | _aEngellilerin sorunlarını onlarla birlikte çözüyorum | ||
| 740 | _aAKP'nin kültür karartması. Sanata sansür, sanatçıya baskı | ||
| 740 | _aYurt dışı seçim çevresi: Daha adil bir seçim sistemine doğru | ||
| 740 | _aTürkiye Bilimler Akademisi AKP kıskacında: Türkiye'de kurumsal ve bilimsel özerkliğin tahribatı | ||
| 740 | _aCHP: Türkiye'nin birleştirici gücü | ||
| 830 | _aCHP yayınları | ||
| 942 |
_2dcc _cBKS |
||
| 999 |
_c6061 _d6061 |
||